000 01138cam a2200337 a 4500
001 2157
003 FISKH
005 20231110095111.0
008 810722s1982 nyua j 000 1 eng
010 _a 81010275
020 _a0899190642 (lib. bdg.) :
020 _a9780440413493
040 _aDLC
_cDLC
_dDLC
_beng
042 _alcac
050 0 0 _aPZ7.M31264
_bBe 1982
082 0 0 _a[Fic]
_219
100 1 _aManes, Stephen,
_d1949-
245 1 0 _aBe a perfect person in just three days! /
_cby Stephen Manes ; drawings by Tom Huffman.
250 _aPrinted in the United States of America, June 1996
260 _aNew York :
_bYearling,
_c1982
300 _a76 pages :
_billustrations ;
_c20 cm
505 _aR
520 _aMilo, tired of problems with his sister, parents, and classmates, finds a book in the library which promises to make him perfect in just three days.
521 8 _a720
_bLexile
521 8 _aR
_bRaz-Plus
650 1 _aBehavior
_xFiction.
650 1 _aHumorous stories.
700 1 _aHuffman, Tom,
_eillustrator
906 _a7
_bcbc
_corignew
_d1
_eocip
_f19
_gy-gencatlg
942 _2ddc
_cBK
_n0
999 _c2157
_d2157